El fenómeno empresa transnacional en el contexto internacional / Stella Maris Nadal Vignolo
sin resumen
Gespeichert in:
| 1. Verfasser: | |
|---|---|
| Format: | Unbekannt |
| Schlagworte: | |
| Tags: |
Tag hinzufügen
Keine Tags, Fügen Sie den ersten Tag hinzu!
|
MARC
| LEADER | 00000 a2200000 04500 | ||
|---|---|---|---|
| 001 | 1452 | ||
| 003 | cru CIDCACS/IIS | ||
| 005 | 20210122062541.0 | ||
| 008 | 991231s d | ||
| 999 | |c 10811 |d 10811 | ||
| 040 | |c CRAI/IIS | ||
| 100 | 1 | |a Nadal Vignolo, Stella Maris |9 9741 | |
| 245 | 1 | 4 | |a El fenómeno empresa transnacional en el contexto internacional / |b Stella Maris Nadal Vignolo |
| 300 | |a páginas 13-48 | ||
| 500 | |a Trabajo que tiene su origen en una tesis doctoral, presentada en la Fac. de Derecho en la Univ. Complutense de Madrid | ||
| 520 | |a sin resumen | ||
| 650 | |a EMPRESAS TRANSNACIONALES | ||
| 650 | |a ECONOMIA INTERNACIONAL | ||
| 942 | |2 ddc |c LI | ||
| 773 | 0 | |0 43516 |9 5064 |a Nadal Vignolo, Stella Maris |d Madrid: Ediciones Cultura Hispánica, 1983 |o 13410 |t La empresa transnacional en el marco laboral/ | |
